| 000 | 00431nam a2200133I 4500 | ||
|---|---|---|---|
| 040 | _cCIN | ||
| 082 | _a641 OXF 1972 C160 Or. | ||
| 245 | 0 | 0 |
_aNutrition for developing countries, _bwith special reference to the maize, cassava and millet areas of Africa |
| 260 | 0 |
_aNairobi, _bOxford University Press, _c1972 |
|
| 300 |
_a1 v. (various pagings) _billus. _c25 cm |
||
| 650 | 0 | _aNutrition | |
| 700 | 1 | 0 | _aKing, Maurice H. |
| 942 | _cAEDBB | ||
| 999 |
_c19062 _d19062 |
||